| 000 | 00756nam a22002177a 4500 | ||
|---|---|---|---|
| 999 |
_c20209 _d20209 |
||
| 003 | AR-CdUCM | ||
| 008 | 190527b ||||| |||| 00| 0 spa d | ||
| 040 |
_aMUNICIPALIDAD PROVINCIAL DEL CUSCO _cBIBLIOTECA MUNICIPAL DEL CUSCO |
||
| 041 | _heng | ||
| 082 |
_a952 / _bC91 |
||
| 100 |
_aCrow, Carl _942241 |
||
| 245 |
_aEl sueño imperialista del Japón : _bEl plan Tanaka / |
||
| 300 |
_a93 páginas _c21 cm |
||
| 505 | _aContenido: Presentado al emperador del Japón -- Consideraciones generales -- Política positiva con respecto a la Mongolia Interior y exterior... | ||
| 650 |
_aPolítica _9291 |
||
| 650 |
_aHistoria _9136 |
||
| 650 |
_aJapón _98219 |
||
| 700 |
_aBronstein, Teba (traductor) _928555 |
||
| 942 |
_2ddc _cLIBROS |
||
| 945 | _aJavier | ||